| 000 | 00930nam a22003017a 4500 | ||
|---|---|---|---|
| 001 | 240015 | ||
| 003 | DO-SdBNP | ||
| 005 | 20171110083925.0 | ||
| 007 | 240015 | ||
| 008 | 160316b 2007 mx xxu||||| |||| 00| 0 spa d | ||
| 020 | _a9789702608516 | ||
| 040 |
_aBPMSU _bspa _cBPMSU |
||
| 082 | 4 |
_a530 _bW746f, 2007 |
|
| 100 | 1 | _aWilson, Jerry D. | |
| 240 | 1 | 0 |
_aCollege physics. _lEspañol |
| 245 | 1 |
_aFísica / _cJerry D. Wilson, Anthony J. Buffa, Bo Lou ; traducción Ma. de Lourdes Amador Araujo. |
|
| 250 | _a6ª ed. | ||
| 260 |
_aMéxico, D.F. : _bPearson Educación, _c2007. |
||
| 300 |
_axxvi, 818, [28] p. : _bil. ; _c27 cm. + 1 CD ROM _6 |
||
| 500 | _aIncluye índice | ||
| 650 | 4 | _aFÍSICA | |
| 700 | 1 | 2 | _aBuffa, Anthony J. |
| 700 | 1 | 2 | _aLou, Bo |
| 700 | 1 | 2 |
_a Ma. de Lourdes Amador Araujo _etr. |
| 910 | _aValidado. Control de calidad MFF | ||
| 942 |
_2ddc _cBK |
||
| 945 | _aInvetariado extranjero / 2017 VM | ||
| 999 |
_c9268 _d9268 |
||